Mass Effect (Trilogie) - Personnages biotiques - Statistiques

Statistiques générales
  • Ce quiz a été pris 115 fois
  • Le résultat moyen est 6 sur 15
Answers on the Grid
Answers color-coded by a green-red scale on the quiz's grid according to % correct below.
Ashley Williams
Garrus Vakarian
Kaidan Alenko
Urdnot Wrex
Liara T'Soni
Tali'Zorah nar Rayya
David Anderson
Jeff "Joker" Moreau
Karin Chakwas
Saren Arterius
Benezia
Grunt
Jack
Jacob Taylor
Kasumi Goto
Légion
Miranda Lawson
Mordin Solus
Samara
Morinth
Thane Krios
Zaeed Massani
Kelly Chambers
IDA
Aria T'Loak
Tela Vasir
Le Courtier de l'Ombre
Javik
James Vega
Nyreen Kandros
Steve Cortez
Samantha Traynor
 
Statistiques - réponses
Réponse % Correct
Liara T'Soni
61%
Miranda Lawson
55%
Morinth
53%
Jack
51%
Samara
51%
Aria T'Loak
49%
Benezia
47%
Kaidan Alenko
43%
Thane Krios
37%
Urdnot Wrex
33%
Jacob Taylor
31%
Javik
27%
Saren Arterius
24%
Tela Vasir
22%
Nyreen Kandros
18%
Aucun quiz correspondant
Distribution des résultats
% des personnes avec chaque résultat
Percentile par nombre de réponses
Votre historique - résultats
Vous n’avez pas pris ce quiz